| 000 | 00686nam a2200229Ia 4500 | ||
|---|---|---|---|
| 003 | GCL | ||
| 008 | 140319s9999 xx 000 0 eng d | ||
| 020 | _a007709784X | ||
| 040 |
_aGCL / _cGCL |
||
| 082 | 0 | 4 |
_a658.4038011 _bC B |
| 100 | 1 | _aCHESTER, MYRVIN | |
| 245 | 1 | 0 |
_aBASIC INFORMATION SYSTEMS ANALYSIS AND DESIGN / _cCHESTER, MYRVIN |
| 700 | 1 | _aATHWALL, AVTAR | |
| 260 |
_aانجلترا : _bMC GRAW - HILL ، _c2002 |
||
| 300 |
_a24 CM ؛ _c243 P |
||
| 650 | 0 | 4 | _aDATABASE MANAGMENT |
| 650 | 0 | 4 | _aINFORMATION SYSTEMS |
| 650 | 0 | 4 | _aINFORMATION TECHNOLOGY |
| 650 | 0 | 4 | _aINFORMATION STORAGE AND RETRIEVAL |
| 650 | 0 | 4 | _aI M S ( D L \ I ) ( COMPUTER SYSTEM ) |
| 942 |
_2ddc _cBK |
||
| 999 |
_c7277 _d7277 |
||